Kreis Gütersloh - Gemeinden - Statistiken

Allgemein
  • Dieses Quiz wurde 83 mal gespielt
  • Das Durchschnittsergebnis liegt bei 8 aus 13
Antwortstatistiken
Antwort % Korrekt
Rheda-Wiedenbrück
83%
Gütersloh
79%
Verl
79%
Harsewinkel
67%
Versmold
62%
Halle (Westf.)
60%
Rietberg
60%
Steinhagen
57%
Herzebrock-Clarholz
52%
Schloß Holte-Stukenbrock
52%
Werther (Westf.)
43%
Borgholzhausen
36%
Langenberg
36%
Keine übereinstimmenden Quizze gefunden
Verteilung der Resultate
Anzahl Personen mit jedem Resultat
Perzentil nach korrekt beantworteten Fragen
Ihre Resultats-Entwicklung
Sie haben dieses Quiz noch nicht gespielt